Statistics for Cheers Characters

Click here to take the quiz!

General Stats

  • This quiz has been taken 146 times
  • The average score is 11 of 19

Answer Stats

HintAnswer% Correct
Former Relief PitcherSam
99%
Waitress/8 ChildrenCarla
94%
MailmanCliff
94%
Waitress/WriterDiane
94%
PsychiatristFrasier
94%
AccountantNorm
94%
From IndianaWoody
93%
Female PsychiatristLilith
83%
Bar ManagerRebecca
75%
Con ArtistHarry
57%
Wifes name was AngelaCoach
55%
Owner of Olde Town TavernGary
46%
GoaltenderEddie
30%
Aspiring LawyerTom
17%
Former Boyfriend was NashKelly
16%
Chauffer to Helen ChambersBoggs
14%
Mailmans MomEsther
12%
Father of Ludlow TorttelliBennett
7%
Appeared as Glen and TomPaul
5%

Score Distribution

Percentile by Number Answered

Percent of People with Each Score

Your Score History

You have not taken this quiz